The Mekong’s future flows : Quantifying hydrological changes and developing adaptation options
This multidisciplinary study focuses on projecting and adapting to future hydrological changes in the Mekong – an international river of global significance in terms of rapidly increasing human pressures and climate-change vulnerability. A modelling framework was developed to project future changes...
Spremljeno u:
| Glavni autor: | |
|---|---|
| Format: | Knjiga |
| Jezik: | Undetermined |
| Izdano: |
Netherlands
Wageningen University
2017
|
| Teme: | |
| Oznake: |
Dodaj oznaku
Bez oznaka, Budi prvi tko označuje ovaj zapis!
|
| Thư viện lưu trữ: | Trung tâm Học liệu Trường Đại học Cần Thơ |
|---|
| LEADER | 01305nam a2200205Ia 4500 | ||
|---|---|---|---|
| 001 | CTU_236147 | ||
| 008 | 210402s9999 xx 000 0 und d | ||
| 082 | |a 333.91 | ||
| 082 | |b L431 | ||
| 100 | |a Hoang, Phi Long | ||
| 245 | 4 | |a The Mekong’s future flows : | |
| 245 | 0 | |b Quantifying hydrological changes and developing adaptation options | |
| 245 | 0 | |c Hoang Phi Long | |
| 260 | |a Netherlands | ||
| 260 | |b Wageningen University | ||
| 260 | |c 2017 | ||
| 520 | |a This multidisciplinary study focuses on projecting and adapting to future hydrological changes in the Mekong – an international river of global significance in terms of rapidly increasing human pressures and climate-change vulnerability. A modelling framework was developed to project future changes in both the river flow regime and hydrological extremes (i.e. high/low flows and floods), under multiple scenarios of climate change, irrigation and hydropower developments. Furthermore, we developed a combined quantitative-qualitative approach to develop suitable adaptation measures and strategies to future floods in the Mekong Delta being a key vulnerability hotspot. | ||
| 650 | |a Quản lý chất lượng nước,Water quality management | ||
| 910 | |b nthai | ||
| 980 | |a Trung tâm Học liệu Trường Đại học Cần Thơ | ||